00646nam a22002052a 450000100060000000300080000600500170001400800410003103500190007204000270009104100080011808200310012610000210015724501020017825000120028026000610029230000310035365000240038470000320040846472BD-RjUL20211209054145.0160802s1967 PA a 000 0 eng  a(BD-RjUL)46590 aDLCcDLCdBD-RjULbeng aeng 223a973.31115491bCHA 1963 aChowdhury, A. M.14aA. M. Chowdhury'S The Stamp act (II of 1899) /cA. M. Chowdhury ; revised by Raja Raid Akbar Khan a3rd.ed. alahore : bAll pakistan Legal Decisions [P.L.D.], c1963 a148 P. : bill. ; c23 cm. aStamp actvPakistan aKhan, Raja Raid Akbar, rev.